000 00691nam a2200217Ia 4500
005 20260629163254.0
008 260629s9999||||xx |||||||||||||| ||und||
020 _a9788172234980
_qpbk
082 _a869.342
_bCOE
100 _aCoelho, Paulo
245 4 _aThe alchemist : a fable about following your dream
250 _a1st ed. 1988 ; English ed. 1993 ; Thorsons ed. 1995 ; 63rd imp. 2014
260 _aNoida
_bHarperCollins Publishers India
_c1993
300 _axiv, 161p. ; 20cm.
653 _aAlchemists—Fiction
653 _aDreams—Fiction
653 _aPhilosophical fiction
653 _aSelf-realization—Fiction
653 _aTreasure troves—Fiction
942 _cBK
999 _c57313
_d57313